000 00599nam a22002057a 4500
003 OSt
005 20140310182755.0
008 130205t xxu||||| |||| 00| 0 eng d
020 _a9812545115
050 _aQD 253.2
_b.B565 2007
082 _aM 540
_b B46 2004
245 _aIntroduction to organic and biochemistry /
_cBettelheim, Frederick A.
260 _aBelmont, CA :
_bBrooks/Cole,
_cc2007.
300 _axxiii, 554, 47, 6, 2, 19 p. :
_b ill. (some col.) ;
_c29cm.
521 _acollege students
526 _c1210L-1700L
541 _j1
562 _e1
942 _2lcc
_cBK
_kM
999 _c15841
_d15841